Statistics for Name the city

Click here to take the quiz!

General Stats

  • This quiz has been taken 43 times
    (4 since last reset)
  • The average score is 13 of 21

Answer Stats

Hint Answer % Correct
Where Hollywood isLos Angeles
100%
Capital of GreenlandNuuk
100%
Capital of KenyaNairobi
100%
Largest city in AustraliaSydney
100%
Most populated city in the worldTokyo
75%
Where Starbucks is fromSeattle
75%
Capital of the French speaking province in CanadaQuebec City
75%
Capital of North KoreaPyongyang
75%
Capital of the EUBrussels
75%
... we have a problemHouston
75%
Arabic city divided by Israel and PalestineJerusalem
75%
Capital of ZimbabweHarare
75%
Where the Kremlin isMoscow
50%
City in Northern AustraliaDarwin
50%
City in New Zealand, famous for it's steakWellington
50%
Where the Pawn Stars are fromLas Vegas
25%
Mythical birdPhoenix
25%
African capital, has the name of the country it's fromDjibouti
25%
Biggest city in the East ThraceIstanbul
25%
Famous city in Southern FranceCannes
0%
Largest city in NigeriaGusau
0%

Score Distribution

Percentile by Number Answered

Percent of People with Each Score

Your Score History

You have not taken this quiz since the last reset